[Event "ROM-ch U16"]
[Site "Calimanesti"]
[Date "2018.03.30"]
[Round "5"]
[White "Paun, Paul Stelian"]
[Black "Suliman, Reis"]
[Result "1-0"]
[WhiteElo "1370"]
[BlackElo "1055"]
[PlyCount "37"]
[EventDate "2018.03.27"]
[EventType "swiss"]
[EventRounds "9"]
[EventCountry "ROU"]
[SourceTitle "CBM 183 Extra"]
[Source "ChessBase"]
[SourceDate "2018.04.19"]
[SourceVersion "1"]
[SourceVersionDate "2018.04.19"]
[SourceQuality "1"]

1. e4 e5 2. Bc4 Nc6 3. Nf3 h6 4. Nc3 Nf6 5. d3 Bb4 6. Bd2 d6 7. a3 Ba5 8. b4 Bb6 9. h3 0-0 10. 0-0 a6 11. Nd5 Ba7 12. Qc1 Ne8 13. Bxh6 Be6 14. Bg5 Qd7 15. Kh2 Rb8 16. b5 axb5 17. Bxb5 Kh8 18. Be7 Rg8 19. Qg5 1-0

[Event "ROM-ch U14"]
[Site "Calimanesti Caciulata"]
[Date "2016.04.21"]
[Round "4"]
[White "Paun, Paul Stelian"]
[Black "Dorobantu, Andrei Ovidiu"]
[Result "1/2-1/2"]
[WhiteElo "1254"]
[BlackElo "1541"]
[PlyCount "63"]
[EventDate "2016.04.18"]
[EventType "swiss"]
[EventRounds "9"]
[EventCountry "ROU"]
[SourceTitle "CBM 172 Extra"]
[Source "ChessBase"]
[SourceDate "2016.06.21"]
[SourceVersion "1"]
[SourceVersionDate "2016.06.21"]
[SourceQuality "1"]

1. e4 c6 2. Nf3 d5 3. d3 dxe4 4. dxe4 Qxd1+ 5. Kxd1 Bg4 6. Be2 Nd7 7. h3 Bxf3 8. Bxf3 Ne5 9. Be2 Rd8+ 10. Ke1 e6 11. Be3 Nd7 12. Nc3 Bc5 13. Bxc5 Nxc5 14. f3 Nf6 15. Kf2 0-0 16. Rad1 Nh5 17. b4 Na6 18. Bxa6 bxa6 19. Na4 f5 20. exf5 exf5 21. Nc5 Nf4 22. Nxa6 Nd5 23. a3 Nc3 24. Rde1 Rd2+ 25. Kg3 Rxc2 26. Re7 Ne2+ 27. Kh2 Nf4 28. Rd1 Rxg2+ 29. Kh1 Rg3 30. Rdd7 Rxh3+ 31. Kg1 Rg3+ 32. Kh2 1/2-1/2